| 000 | 01142cam a2200313 a 4500 | ||
|---|---|---|---|
| 001 | 17189527 | ||
| 003 | URS | ||
| 005 | 20260326151013.0 | ||
| 008 | 120301s2012 nyua b 001 0 eng | ||
| 010 | _a 2012007402 | ||
| 020 |
_a9780415679039 _qhardback |
||
| 020 |
_a9780203806920 _qebook |
||
| 040 |
_aDLC _cDLC _dURS _beng _erda |
||
| 050 | 1 | 4 |
_aGV709.2 _b.Et373 2013 |
| 100 | 1 |
_aHarvey, Stephen _eeditor; |
|
| 245 | 0 | 0 |
_aEthics in youth sport : _bpolicy and pedagogical applications / _cedited by Stephen Harvey and Richard Light. |
| 264 | 1 |
_aNew York : _bRoutledge, _cc2012. |
|
| 300 |
_axiii, 219 pages : _billustrations ; _c25 cm |
||
| 336 |
_atext _btxt _2rdacontent |
||
| 337 |
_aunmediated _bn _2rdamedia |
||
| 338 |
_avolume _bnc _2rdacarrier |
||
| 490 | 0 | _aRoutledge studies in physical education and youth sport | |
| 504 | _aIncludes bibliographical references and index. | ||
| 650 | 0 |
_aSports for children _xMoral and ethical aspects. |
|
| 650 | 0 |
_aSports _xMoral and ethical aspects. |
|
| 700 | 1 |
_aHarvey, Stephen, _d1973- |
|
| 700 | 1 |
_aLight, Richard, _d1951- |
|
| 942 |
_2lcc _cFR _hGV709.2 _i.Et373 2013 |
||
| 999 |
_c99266 _d99263 |
||